Ładuje się......

The philosophy of modern literary theory /

Opis bibliograficzny
1. autor: Zima, Peter V.
Format: Printed Book
Język:English
Wydane: New Delhi : Rawat, 2013
Hasła przedmiotowe:
LEADER 01108cam a22002174a 4500
008 990114s1999 nju b 001 0 eng
010 |a  99017830  
020 |a 9788131606049 
082 0 0 |a 801.950904  |2 21 
100 1 |a Zima, Peter V. 
245 1 4 |a The philosophy of modern literary theory /  |c Peter V. Zima. 
260 |a New Delhi :  |b Rawat,  |c 2013 
300 |a 263 p. ;  |c 23 cm. 
504 |a Includes bibliographical references (p. [236]-250) and index. 
650 0 |a Criticism  |x History  |y 20th century. 
942 |c BK 
906 |a 7  |b cbc  |c orignew  |d 1  |e ocip  |f 19  |g y-gencatlg 
955 |a pc20 to sa00 01-14-99; lk25 01-15-99; lk25 to Subj. 01-19-99; lh06 to General for PN?; lg15 01-20-99  |a uf14 2003-03-22, one copy to CIP uf17 2003-08-06  |a pv11 2004-01-28 bk rec'd, to CIP ver. 
999 |c 106385  |d 106385 
952 |0 0  |1 0  |4 0  |6 801_950904000000000_ZIM_P  |7 0  |9 108461  |a UL  |b UL  |c ST1  |d 2014-03-21  |e 2  |g 580.35  |l 15  |m 7  |o 801.950904 ZIM/P  |p 92722  |r 2019-02-02  |s 2018-12-07  |v 795.00  |y BK 
952 |0 0  |1 0  |4 0  |6 801_950904000000000_ZIM_P  |7 0  |9 109929  |a UL  |b UL  |c REF  |d 2015-03-17  |e 2  |g 540.60  |l 0  |o 801.950904 ZIM/P  |p 93492  |r 2015-06-04  |v 795.00  |y TXT